000 00654nam a2200217Ia 4500
005 20260601193222.0
008 260601s9999||||xx |||||||||||||| ||und||
020 _a978-981-99-8145-8
_qebk
100 _aBiao Luo
245 0 _aNeural Information Processing
250 _a1st ed. 2024
260 _aHeidelberg, Germany
_bSpringer Nature
_c2024
440 _aCommunications in Computer and Information Science
650 _aComputer Science
700 _aChaojie Li
700 _aHongyi Li
700 _aLong Cheng
700 _aZheng-Guang Wu
856 _uhttps://link.springer.com/openurl?genre=book&isbn=978-981-99-8145-8
942 _cEB
_2ddc
999 _c55826
_d55826